000 00529nam a2200181Ia 4500
008 100920s9999 xx 000 0 und d
082 _b103233
_a28 व 7 न 06
100 _aEDI:HAR ANAND.
245 _aTHE MAID AND THE MILK PAIL.
260 _bHAR ANAND PUB DELHI.
_c2006
300 _a16
_bसाधी
365 _b25
520 _aबा.वि.स्टोरी.
630 _aTHE MAID AND THE MILK PAIL.
650 _aबा.वि.स्टोरी.
730 _aTHE MAID AND THE MILK PAIL.
942 _cBOOK
999 _c743665
_d743662